Differentialgleichungen : Lösungsmethoden und Lösungen. Band 1, Gewöhnliche Differentialgleichungen /

Guardado en:
Autor Principal: Kamke, E. 1890-1961.
Formato: Libro
Idioma:German
Publicado: New York : Chelsea, 1959.
Edición:3. Aufl.
Etiquetas: Agregar Etiqueta
Sin Etiquetas, Sea el primero en etiquetar este registro!
LEADER 00606nam a22001695a 4500
001 MAT.inmabb000675
008 031118r19591944nyu###########000#0#ger#d
005 20170802155338.0
245 1 0 |a Differentialgleichungen :  |b Lösungsmethoden und Lösungen.  |n Band 1,  |p Gewöhnliche Differentialgleichungen /  |c von E. Kamke. 
250 |a 3. Aufl. 
260 |a New York :  |b Chelsea,  |c 1959. 
300 |a xxvi, 666 p. 
500 |a Reproducción de la edición de 1944. 
510 4 |a MR,  |c MR0021170 
100 1 |a Kamke, E.  |q (Erich),  |d 1890-1961. 
084 |a 35-XX  |a 36-XX  |2 msc2000 
859 |h 35  |i K15-3  |p A-478  |v 1  |3 Band I  |b BIB. MATEMATICA